Black and gold : tycoons,revolutionaries and apar theid

Bibliographic Details
Main Author: Sampson, Anthony
Format: Book
Published: Great Britain : Hodder and Soughton , 1987
Subjects:

MARC

LEADER 00000cam a2200000 7i4500
001 0000035371
002 000038247
005 20000331.0
020 |a 0340412526 
090 0 0 |a 323.168   |b SAM 
100 1 |a Sampson, Anthony 
245 1 0 |a Black and gold :   |b tycoons,revolutionaries and apar theid   |c Anthony Sampson 
260 |a Great Britain :   |b Hodder and Soughton ,   |c 1987 
300 |a 384p. ;   |c 18cm. 
651 0 |a South Africa   |x Military policy 
651 0 |a South Africa   |x Race relations 
999 |a 0003706   |b BUKU   |c PINJAMAN   |e PERPUSTAKAAN KOMUNITI PETALING JAYA 
999 |a 0005920   |b BUKU   |c PINJAMAN   |e PERPUSTAKAAN KOMUNITI PETALING JAYA